| 000 | 00424nam a2200145Ia 4500 | ||
|---|---|---|---|
| 008 | 231129s2008||||xx |||||||||||||| ||spa|| | ||
| 020 | _a978-958-8269-23-8 | ||
| 040 | _bspa | ||
| 082 | _a344.099 C718L | ||
| 100 | _aColombia. Instituto Colombiano del deporte - Coldeportes | ||
| 245 | 0 | _aLegislación deportiva.Tomo I | |
| 260 | _c2008 | ||
| 264 | _aEditorial Kinesis | ||
| 942 |
_2ddc _cBKS |
||
| 999 |
_c19102 _d19102 |
||